| 000 | 00711nam a2200241 a 4500 | ||
|---|---|---|---|
| 008 | |||
| 020 | _a0471282502 (cased) | ||
| 049 | 0 | 0 | _aMAIN |
| 090 | 0 | _aQD261 PAL | |
| 100 | 1 | _aPalleros, Daniel R. | |
| 245 | 1 | 0 |
_aExperimental organic chemistry / _cDaniel R. Palleros. |
| 260 |
_aNew York : _bWiley, _cc2000. |
||
| 300 |
_axxiv, 836 p. : _bill. ; _c29 cm. |
||
| 504 | _aIncludes bibliographical references. | ||
| 500 | _aIncludes index. | ||
| 650 | 0 |
_aChemistry, Organic _vLaboratory manuals. |
|
| 650 | 2 | _aChemistry, Organic. | |
| 907 |
_a.b10112546 _b21-02-07 _c21-02-04 |
||
| 003 | |||
| 005 | 20230123133641.0 | ||
| 040 | _cNUST | ||
| 942 |
_cBOOKS _kQD261 PAL |
||
| 999 |
_c152273 _d152273 |
||